000
00332nam a22001457a 4500
003
SGT
020
_a
9788184873641
082
_a
628,SHA
100
_a
SHARMA,SWETA
245
_a
ENVIRONMENTAL CHEMISTRY
260
_a
NEW DELHI
_b
NAROSA PUB. HOUSE
_c
2014
300
_a
80.32
650
_a
ENVIRONMENTAL CHEMISTRY
942
_2
ddc
_c
BK
999
_c
24909
_d
24909